00963nam a22001937a 45000010005000000030006000050050017000110080041000280200018000690400029000871000021001162450077001372500025002142600051002393000048002905200324003387000052006627000055007146564FISKH20250512121204.0250512b cb ||||| |||| 00| 0 eng d a9781107672130 aFISKHbengcFISKHdFISKH aMcIntosh, Colin  aCambridge English Mini Dictionary :bSecond Edition /cBy Colin McIntosh aFirst published 2004 aCambridge University Press : bDelhi ,c2011 . a481 pages : bcolor illustrations ;c15 cm. aThe Cambridge English Mini Dictionary (Second Edition) is a compact and practical dictionary designed primarily for learners of English at beginner to intermediate levels (A2–B1 on the CEFR scale). It is ideal for students, travelers, and anyone who needs a quick reference to English vocabulary in a portable format. aBurrows,RayeOxford designers and illustrators  aDavid Shenton eOxford designers and illustrators